[Event "FRA Team Ch"]
[Site "REIMS"]
[Date "2002.??.??"]
[Round "11.1"]
[White "Bunzmann, Dimitrij"]
[Black "Lutz, Christopher"]
[Result "1/2-1/2"]
[WhiteElo "2483"]
[BlackElo "2644"]
[PlyCount "50"]
[EventDate "2005.05.??"]
[WhiteTeam "Sautron"]
[BlackTeam "Vandoeuvre"]

1. d4 Nf6 2. Nf3 e6 3. c4 b6 4. Nc3 Bb4 5. Qb3 c5 6. Bg5 Bb7 7. e3 O-O 8. Rd1
cxd4 9. exd4 Bxc3+ 10. Qxc3 Ne4 11. Qe3 Nxg5 12. Nxg5 h6 13. Nf3 d5 14. b3 Nd7
15. Be2 Rc8 16. O-O Qe7 17. Ne5 dxc4 18. Nxd7 Qxd7 19. bxc4 Rfd8 20. Rd2 Qc6
21. Bf3 Qc7 22. Bxb7 Qxb7 23. Re1 Qa6 24. Rde2 Qa4 25. g3 b5 1/2-1/2

[Event "FRA Team Ch"]
[Site "REIMS"]
[Date "2002.??.??"]
[Round "11.3"]
[White "Dgebuadze, Alexandre"]
[Black "Renet, Olivier"]
[Result "1/2-1/2"]
[WhiteElo "2537"]
[BlackElo "2494"]
[PlyCount "41"]
[EventDate "2005.05.??"]
[WhiteTeam "Sautron"]
[BlackTeam "Vandoeuvre"]

1. e4 c6 2. Nf3 d5 3. Nc3 Bg4 4. h3 Bxf3 5. Qxf3 e6 6. d3 Nd7 7. Qe2 dxe4 8.
Nxe4 Ngf6 9. g3 Nxe4 10. dxe4 Bb4+ 11. c3 Bc5 12. Bf4 g5 13. Bd2 Qf6 14. Bg2
O-O-O 15. Be3 Ne5 16. O-O Bxe3 17. Qxe3 h5 18. Qxa7 h4 19. f4 gxf4 20. g4 Nd3
21. Rad1 1/2-1/2

[Event "FRA Team Ch"]
[Site "REIMS"]
[Date "2002.??.??"]
[Round "11.5"]
[White "Gerard, Nicolas"]
[Black "Berend, Fred"]
[Result "0-1"]
[WhiteElo "2260"]
[BlackElo "2354"]
[PlyCount "60"]
[EventDate "2005.05.??"]
[WhiteTeam "Sautron"]
[BlackTeam "Vandoeuvre"]

1. d4 d6 2. c4 e5 3. Nc3 Nf6 4. Nf3 e4 5. Ng5 Qe7 6. g3 h6 7. Nh3 c6 8. Bg2 Bf5
9. Qb3 Na6 10. Ng1 Rb8 11. h4 g6 12. Bf4 Nc7 13. c5 Qd8 14. g4 Be6 15. Qc2 Ncd5
16. Bg3 e3 17. f3 Nxc3 18. bxc3 dxc5 19. dxc5 Bxc5 20. Rd1 Nd7 21. Nh3 Qe7 22.
Bf4 Rd8 23. O-O Bc4 24. Rd4 Bxd4 25. cxd4 Nf6 26. Rb1 Rxd4 27. Qc3 c5 28. Kh2
O-O 29. Qc2 Rfd8 30. h5 g5 0-1

[Event "FRA Team Ch"]
[Site "REIMS"]
[Date "2002.??.??"]
[Round "11.6"]
[White "Wirig, Anthony"]
[Black "Mullon, Jean-Baptiste"]
[Result "1/2-1/2"]
[WhiteElo "2333"]
[BlackElo "2284"]
[PlyCount "95"]
[EventDate "2005.05.??"]
[WhiteTeam "Vandoeuvre"]
[BlackTeam "Sautron"]

1. c4 c6 2. b3 d5 3. Bb2 Bg4 4. g3 e6 5. Bg2 Nf6 6. Nf3 Nbd7 7. O-O Bd6 8. d3
O-O 9. Nbd2 a5 10. a3 Qb8 11. e4 dxe4 12. dxe4 Ne5 13. Qc2 Nxf3+ 14. Nxf3 Bxf3
15. Bxf3 Be5 16. c5 Rd8 17. Rfd1 Nd7 18. Rac1 Kf8 19. Be2 g5 20. Bc3 Ke7 21.
Bd2 h6 22. Be3 Qc7 23. Rd3 Nf6 24. Rcd1 Rxd3 25. Qxd3 Rd8 26. Qc4 Rxd1+ 27.
Bxd1 Bb2 28. a4 Qe5 29. Bf3 Nd7 30. b4 Qc3 31. Qxc3 Bxc3 32. b5 Bb4 33. Be2
Bxc5 34. Bd2 Bb4 35. Be3 Kd6 36. Kg2 f6 37. f4 Bc5 38. Bd2 Bb4 39. Be3 Nc5 40.
e5+ Ke7 41. Bxc5+ Bxc5 42. exf6+ Kxf6 43. bxc6 bxc6 44. fxg5+ hxg5 45. Bf3 Be7
46. Bxc6 Ke5 47. Kf3 Kd4 48. h4 1/2-1/2

[Event "FRA Team Ch"]
[Site "REIMS"]
[Date "2002.??.??"]
[Round "11.7"]
[White "Crouan, Stephane"]
[Black "Moret, Vincent"]
[Result "1-0"]
[WhiteElo "2307"]
[BlackElo "2184"]
[PlyCount "109"]
[EventDate "2005.05.??"]
[WhiteTeam "Sautron"]
[BlackTeam "Vandoeuvre"]

1. e4 c5 2. Nf3 d6 3. d4 cxd4 4. Nxd4 Nf6 5. Nc3 g6 6. Be3 Bg7 7. f3 Nc6 8. Qd2
O-O 9. Bc4 Bd7 10. O-O-O Qa5 11. h4 Ne5 12. Bb3 Rfc8 13. Kb1 Nc4 14. Bxc4 Rxc4
15. Nb3 Qa6 16. h5 Rac8 17. hxg6 fxg6 18. Bh6 Bh8 19. g4 Be6 20. Bg5 Rxc3 21.
bxc3 Qb5 22. Qe3 Rxc3 23. Qxc3 Nxe4 24. Qa5 Nc3+ 25. Kc1 Ne2+ 26. Kb1 Nc3+ 27.
Kb2 Nxd1+ 28. Kc1 Qxa5 29. Nxa5 Nc3 30. Bxe7 Nxa2+ 31. Kd1 Be5 32. Ke2 Nc3+ 33.
Kf1 Nd5 34. Bg5 Bd4 35. Kg2 b5 36. Nc6 Be3 37. Ne7+ Nxe7 38. Bxe7 Bc5 39. Rd1
a5 40. Bxd6 Bxd6 41. Rxd6 Bc4 42. g5 a4 43. Ra6 Ba2 44. Kg3 Bb1 45. c3 h5 46.
Kf4 Kf7 47. Ke5 Bd3 48. Ra7+ Kg8 49. Kf6 h4 50. Ra8+ Kh7 51. Rd8 Bc4 52. f4 Bg8
53. f5 gxf5 54. g6+ Kh8 55. g7+ 1-0

[Event "FRA Team Ch"]
[Site "REIMS"]
[Date "2002.??.??"]
[Round "11.8"]
[White "Brunner, Nicolas"]
[Black "Marchadour, Claire"]
[Result "1-0"]
[WhiteElo "2240"]
[BlackElo "2121"]
[PlyCount "35"]
[EventDate "2005.05.??"]
[WhiteTeam "Vandoeuvre"]
[BlackTeam "Sautron"]

1. d4 Nf6 2. c4 c5 3. d5 b5 4. cxb5 a6 5. f3 e6 6. e4 exd5 7. e5 Qe7 8. Qe2 Ng8
9. Nc3 Bb7 10. Nh3 c4 11. Be3 Qxe5 12. O-O-O axb5 13. Nxb5 Na6 14. Qf2 Nb4 15.
Bf4 Nxa2+ 16. Kb1 Qh5 17. Nc7+ Kd8 18. Nxa8 1-0

[Event "FRA Team Ch"]
[Site "REIMS"]
[Date "2002.??.??"]
[Round "11.1"]
[White "Tirard, Hugo"]
[Black "Komarov, Dimitri"]
[Result "1/2-1/2"]
[WhiteElo "2401"]
[BlackElo "2544"]
[PlyCount "32"]
[EventDate "2005.05.??"]
[WhiteTeam "Noyon"]
[BlackTeam "Drancy"]

1. e4 e6 2. d4 d5 3. Nc3 Nf6 4. Bg5 dxe4 5. Nxe4 Nbd7 6. Nf3 Be7 7. Bxf6 Nxf6
8. Nxf6+ Bxf6 9. Qd2 c5 10. O-O-O Qb6 11. Ne5 O-O 12. f4 cxd4 13. Qxd4 Rd8 14.
Qxb6 Rxd1+ 15. Kxd1 axb6 16. Nc4 Bd8 1/2-1/2

[Event "FRA Team Ch"]
[Site "REIMS"]
[Date "2002.??.??"]
[Round "11.2"]
[White "David, Alberto"]
[Black "Peyrat, Olivier"]
[Result "1-0"]
[WhiteElo "2516"]
[BlackElo "2308"]
[PlyCount "67"]
[EventDate "2005.05.??"]
[WhiteTeam "Drancy"]
[BlackTeam "Noyon"]

1. e4 d6 2. Nc3 g6 3. d4 c6 4. f4 d5 5. e5 h5 6. Nf3 Bg4 7. Be3 e6 8. h3 Bxf3
9. Qxf3 h4 10. Bd3 Nh6 11. O-O Nd7 12. Ne2 b5 13. b3 a6 14. c4 Nf5 15. cxd5
cxd5 16. Rfc1 Ba3 17. Rc6 Nb8 18. Rc2 Nxe3 19. Qxe3 Kd7 20. f5 gxf5 21. Bxf5
Nc6 22. Bg4 Nb4 23. Rd2 Qe7 24. Rf1 Ra7 25. Nc3 Rh7 26. Ne4 dxe4 27. d5 Kc8 28.
dxe6 fxe6 29. Qb6 Rd7 30. Bxe6 Qd8 31. Qa7 Nd3 32. Rc2+ Bc5+ 33. Rxc5+ Nxc5 34.
Rc1 1-0

[Event "FRA Team Ch"]
[Site "REIMS"]
[Date "2002.??.??"]
[Round "11.3"]
[White "Hardier, Bertrand"]
[Black "Legky, Nikolay A"]
[Result "0-1"]
[WhiteElo "2106"]
[BlackElo "2483"]
[PlyCount "66"]
[EventDate "2005.05.??"]
[WhiteTeam "Noyon"]
[BlackTeam "Drancy"]

1. d4 Nf6 2. c4 c5 3. d5 e6 4. Nc3 exd5 5. cxd5 Bd6 6. Bg5 Bc7 7. Nf3 d6 8. e4
O-O 9. Bd3 Re8 10. Qc2 a6 11. O-O Nbd7 12. Rfe1 h6 13. Bf4 b5 14. Rad1 Nh5 15.
Bc1 Qf6 16. Bf1 Ba5 17. Re3 Bb6 18. Ree1 Nf4 19. b3 Nh3+ 20. Kh1 Ne5 21. Be3
Nxf3 22. gxf3 Ba5 23. Rc1 Bxc3 24. Qxc3 Qxf3+ 25. Bg2 Nxf2+ 26. Bxf2 Qxf2 27.
e5 b4 28. Qc4 dxe5 29. Rf1 Qd4 30. Qxd4 exd4 31. Rxc5 Bd7 32. Rc7 Rad8 33. d6
Bb5 0-1

[Event "FRA Team Ch"]
[Site "REIMS"]
[Date "2002.??.??"]
[Round "11.4"]
[White "Moracchini, Fabrice"]
[Black "Gueneau, Christophe"]
[Result "1-0"]
[WhiteElo "2311"]
[BlackElo "2109"]
[PlyCount "91"]
[EventDate "2005.05.??"]
[WhiteTeam "Drancy"]
[BlackTeam "Noyon"]

1. d4 Nf6 2. c4 e6 3. Nc3 d5 4. cxd5 exd5 5. Bg5 Be7 6. e3 c6 7. Qc2 Nbd7 8.
Bd3 O-O 9. Nge2 Re8 10. O-O Nf8 11. Rac1 Ne4 12. Bf4 Nxc3 13. Nxc3 Bf6 14. b4
Bd7 15. Rb1 g6 16. b5 Ne6 17. Bg3 h5 18. bxc6 Bxc6 19. h3 h4 20. Bh2 Rc8 21.
Rfc1 Ng5 22. Qd1 Be7 23. Nb5 Qa5 24. Nd6 Bxd6 25. Bxd6 Bd7 26. Bf4 Rxc1 27.
Rxc1 Ne6 28. Be5 Qd8 29. Qf3 Qg5 30. Qf6 Qxf6 31. Bxf6 Rc8 32. Rxc8+ Bxc8 33.
Bxh4 Bd7 34. Bf6 Kf8 35. g4 Nc7 36. f3 b5 37. h4 Ne8 38. Bd8 Kg7 39. Kf2 Nd6
40. Bc7 Nb7 41. Kg3 a5 42. e4 b4 43. Ba6 a4 44. Bxb7 b3 45. axb3 a3 46. Ba5 1-0

[Event "FRA Team Ch"]
[Site "REIMS"]
[Date "2002.??.??"]
[Round "11.5"]
[White "Silvert, Alexandre"]
[Black "Doornbos, Yann"]
[Result "0-1"]
[WhiteElo "2000"]
[BlackElo "2334"]
[PlyCount "54"]
[EventDate "2005.05.??"]
[WhiteTeam "Noyon"]
[BlackTeam "Drancy"]

1. d4 d5 2. Nf3 Nf6 3. c4 c6 4. g3 Bf5 5. Bg2 e6 6. O-O Nbd7 7. Nc3 dxc4 8. Bg5
h6 9. Bxf6 Qxf6 10. e4 Bg4 11. h3 Bh5 12. g4 Bg6 13. d5 e5 14. Nd2 Nb6 15. dxc6
bxc6 16. Qe2 h5 17. Rac1 Be7 18. Nd1 hxg4 19. Qxg4 Rd8 20. Qe2 Qf4 21. Ne3 Bh5
22. Qe1 Bb4 23. Rc2 Rd6 24. a3 Bc5 25. Qc1 Rg6 26. Ndxc4 Bf3 27. Ng4 Rxg4 0-1

[Event "FRA Team Ch"]
[Site "REIMS"]
[Date "2002.??.??"]
[Round "11.6"]
[White "Salaun, Yann"]
[Black "Wolfangel, Florence"]
[Result "1-0"]
[WhiteElo "2409"]
[BlackElo "1960"]
[PlyCount "41"]
[EventDate "2005.05.??"]
[WhiteTeam "Drancy"]
[BlackTeam "Noyon"]

1. e4 e6 2. d4 d5 3. Nd2 Nf6 4. e5 Nfd7 5. Bd3 c5 6. c3 Nc6 7. Ne2 Qb6 8. O-O
cxd4 9. cxd4 Nxd4 10. Nxd4 Qxd4 11. Nf3 Qb6 12. Qa4 Qb4 13. Qc2 h6 14. Bd2 Qc5
15. Qa4 Kd8 16. Rac1 Nb6 17. Qh4+ Qe7 18. Qd4 Nd7 19. Rc2 f6 20. Rfc1 fxe5 21.
Qxa7 1-0

[Event "FRA Team Ch"]
[Site "REIMS"]
[Date "2002.??.??"]
[Round "11.7"]
[White "Marquet, Mathieu"]
[Black "Giffard, Nicolas"]
[Result "1/2-1/2"]
[WhiteElo "1950"]
[BlackElo "2307"]
[PlyCount "42"]
[EventDate "2005.05.??"]
[WhiteTeam "Noyon"]
[BlackTeam "Drancy"]

1. e4 g6 2. d4 Bg7 3. c4 d6 4. Nc3 Nd7 5. Be3 e5 6. d5 Nh6 7. h4 f6 8. Be2 Nc5
9. Qd2 Nf7 10. b4 Na6 11. Rb1 Qe7 12. c5 dxc5 13. Bxa6 bxa6 14. bxc5 O-O 15. f3
h5 16. Nge2 Kh7 17. Nc1 Bh6 18. Nd3 f5 19. d6 cxd6 20. Nd5 Qd8 21. c6 Bxe3
1/2-1/2

[Event "FRA Team Ch"]
[Site "REIMS"]
[Date "2002.??.??"]
[Round "11.8"]
[White "Buchy, Daniel"]
[Black "Petitpas, Steven"]
[Result "1-0"]
[WhiteElo "2195"]
[BlackElo "1670"]
[PlyCount "57"]
[EventDate "2005.05.??"]
[WhiteTeam "Drancy"]
[BlackTeam "Noyon"]

1. f4 d5 2. Nf3 e6 3. e3 c5 4. d4 Nc6 5. c3 Nf6 6. Bd3 b6 7. O-O Be7 8. Nbd2
Bb7 9. Ne5 O-O 10. Qf3 Bd6 11. Qh3 Re8 12. g4 g6 13. Ndf3 Bf8 14. Bd2 Bg7 15.
Be1 Re7 16. Bh4 Qf8 17. Rae1 Rc7 18. Bxf6 Bxf6 19. Re2 Qg7 20. Rg2 Rf8 21. Qg3
Bd8 22. g5 Ne7 23. Ng4 Nf5 24. Qf2 Be7 25. h4 h5 26. gxh6 Nxh6 27. h5 Kh8 28.
Nxh6 Qxh6 29. hxg6 1-0

[Event "FRA Team Ch"]
[Site "REIMS"]
[Date "2002.??.??"]
[Round "11.9"]
[White "Vercoutere, Julie"]
[Black "Barakoff, Annie"]
[Result "0-1"]
[WhiteElo "1440"]
[BlackElo "1810"]
[PlyCount "134"]
[EventDate "2005.05.??"]
[WhiteTeam "Noyon"]
[BlackTeam "Drancy"]

1. e4 c6 2. d4 d5 3. Nc3 dxe4 4. Nxe4 Bf5 5. Bd3 Bxe4 6. Bxe4 Nf6 7. Bf3 e6 8.
Ne2 Bd6 9. O-O O-O 10. c4 Qd7 11. Re1 Qc7 12. Ng3 Rd8 13. Ne2 Bxh2+ 14. Kh1 Bd6
15. c5 Bxc5 16. Qc2 Bxd4 17. Nxd4 Rxd4 18. Be3 Rd8 19. Rad1 Nbd7 20. Bg5 Qa5
21. Bxf6 Nxf6 22. a3 Qg5 23. Re3 Nd5 24. Bxd5 cxd5 25. Rc3 Qg6 26. Qb3 h6 27.
Rc7 b6 28. Kg1 Rdc8 29. Rdc1 Rxc7 30. Rxc7 Qb1+ 31. Kh2 Qe1 32. Qc2 Qe5+ 33.
Kg1 d4 34. Rd7 Qc5 35. Qd2 e5 36. Qd1 a5 37. Qf3 Rf8 38. Rd5 Qc7 39. Qe2 Re8
40. Rxd4 Qe7 41. Re4 f5 42. Re3 e4 43. f3 Rc8 44. fxe4 Rc1+ 45. Kh2 Qh4+ 46.
Rh3 Qf4+ 47. g3 Qxe4 48. Qxe4 fxe4 49. Rh4 Rc2+ 50. Kg1 Rxb2 51. Rxe4 Rb3 52.
Kf2 Rxa3 53. Re6 Rb3 54. Re8+ Kh7 55. Ra8 h5 56. Ra7 Kh6 57. Ra8 g6 58. Kg2 Kg5
59. Rd8 a4 60. Rd5+ Kh6 61. Kh3 b5 62. Kh4 a3 63. Rd1 b4 64. Ra1 Rb2 65. g4 g5+
66. Kg3 h4+ 67. Kh3 a2 0-1

[Event "FRA Team Ch"]
[Site "REIMS"]
[Date "2002.??.??"]
[Round "11.1"]
[White "De La Riva Aguado, Oscar"]
[Black "Nijboer, Friso"]
[Result "1/2-1/2"]
[WhiteElo "2496"]
[BlackElo "2578"]
[PlyCount "82"]
[EventDate "2005.05.??"]
[WhiteTeam "Orange"]
[BlackTeam "Nancy"]

1. e4 c5 2. Nf3 Nc6 3. Bb5 e6 4. O-O Nge7 5. c3 a6 6. Be2 d5 7. exd5 Nxd5 8. d4
Be7 9. c4 Nf6 10. dxc5 Qxd1 11. Rxd1 Ne4 12. Be3 e5 13. Nfd2 Nxc5 14. Nc3 Bf5
15. Nd5 Ne6 16. Bf3 Ncd4 17. Bxd4 exd4 18. Nb3 Bc2 19. Re1 d3 20. Bd1 Rc8 21.
Bxc2 dxc2 22. Rac1 Rxc4 23. Re2 Bg5 24. Rcxc2 Rxc2 25. Rxc2 O-O 26. g3 Rd8 27.
Nc3 Kf8 28. Kg2 Be7 29. Ne4 Ke8 30. Re2 Rc8 31. Nc3 Rd8 32. Na5 Rd7 33. Nc4 Rd4
34. Ne5 Bb4 35. Nf3 Bxc3 36. bxc3 Rd5 37. Nd4 Kd7 38. Nxe6 fxe6 39. Kf3 Kd6 40.
Rb2 b5 41. Ke2 Re5+ 1/2-1/2

[Event "FRA Team Ch"]
[Site "REIMS"]
[Date "2002.??.??"]
[Round "11.2"]
[White "Landa, Konstantin"]
[Black "Magem Badals, Jordi"]
[Result "1/2-1/2"]
[WhiteElo "2623"]
[BlackElo "2502"]
[PlyCount "27"]
[EventDate "2005.05.??"]
[WhiteTeam "Nancy"]
[BlackTeam "Orange"]

1. e4 c6 2. d4 d5 3. Nc3 dxe4 4. Nxe4 Bf5 5. Ng3 Bg6 6. Bc4 e6 7. N1e2 Bd6 8.
h4 h6 9. Nf4 Bxf4 10. Bxf4 Nf6 11. Qe2 Qxd4 12. Be5 Qd8 13. Rd1 Nbd7 14. O-O
1/2-1/2

[Event "FRA Team Ch"]
[Site "REIMS"]
[Date "2002.??.??"]
[Round "11.3"]
[White "Guidarelli, Laurent"]
[Black "Gormally, Dan"]
[Result "0-1"]
[WhiteElo "2366"]
[BlackElo "2514"]
[PlyCount "82"]
[EventDate "2005.05.??"]
[WhiteTeam "Orange"]
[BlackTeam "Nancy"]

1. e4 c5 2. Nc3 Nc6 3. f4 g6 4. Nf3 Bg7 5. Bc4 e6 6. f5 Nge7 7. fxe6 dxe6 8.
O-O O-O 9. d3 h6 10. Qe1 Nd4 11. Nxd4 cxd4 12. Ne2 Nc6 13. Bd2 Bd7 14. Nf4 Rc8
15. Bb3 Ne5 16. Qg3 a5 17. a4 Rc5 18. Rf2 h5 19. Re2 h4 20. Qe1 g5 21. Nh3 f6
22. Qf2 Bc8 23. g3 Qb6 24. gxh4 Nxd3 25. Qg3 Ne5 26. hxg5 f5 27. Rf2 fxe4 28.
Rxf8+ Bxf8 29. Bf4 Nf3+ 30. Kh1 d3 31. Be3 dxc2 32. Bxc5 Qxb3 33. Qf4 Bxc5 34.
g6 Ne5 35. Ng5 Qe3 36. Qxe5 c1=Q+ 37. Rxc1 Qxc1+ 38. Kg2 Qg1+ 39. Kh3 Qf1+ 40.
Kh4 Be7 41. Qc7 Qf6 0-1

[Event "FRA Team Ch"]
[Site "REIMS"]
[Date "2002.??.??"]
[Round "11.4"]
[White "Khenkin, Igor"]
[Black "Mellado Trivino, Juan"]
[Result "1/2-1/2"]
[WhiteElo "2587"]
[BlackElo "2444"]
[PlyCount "35"]
[EventDate "2005.05.??"]
[WhiteTeam "Nancy"]
[BlackTeam "Orange"]

1. d4 d5 2. c4 dxc4 3. Nf3 c5 4. d5 Nf6 5. Nc3 e6 6. e4 exd5 7. e5 Ne4 8. Qxd5
Nxc3 9. Qxd8+ Kxd8 10. bxc3 Nc6 11. Bxc4 Be6 12. Bxe6 fxe6 13. Ng5 Kd7 14. Bf4
Re8 15. O-O-O+ Kc7 16. Rd2 h6 17. Ne4 Be7 18. Rhd1 1/2-1/2

[Event "FRA Team Ch"]
[Site "REIMS"]
[Date "2002.??.??"]
[Round "11.5"]
[White "Lepelletier, Benoit"]
[Black "Adrian, Claude"]
[Result "1-0"]
[WhiteElo "2444"]
[BlackElo "2328"]
[PlyCount "75"]
[EventDate "2005.05.??"]
[WhiteTeam "Orange"]
[BlackTeam "Nancy"]

1. e4 e6 2. d4 d5 3. Nd2 c5 4. Ngf3 Nc6 5. exd5 exd5 6. Bb5 Bd6 7. dxc5 Bxc5 8.
O-O Nge7 9. Nb3 Bd6 10. Bg5 O-O 11. Bh4 Bg4 12. Re1 Qb6 13. Bxc6 Nxc6 14. Qxd5
Nb4 15. Qe4 Bxf3 16. gxf3 a5 17. c3 Nc6 18. Rad1 Qc7 19. Bg3 Bxg3 20. hxg3 h6
21. Kg2 Rad8 22. Qc4 Rxd1 23. Rxd1 Re8 24. Qb5 Re5 25. Rd5 Rxd5 26. Qxd5 g6 27.
Qb5 b6 28. Nd2 Ne5 29. Ne4 Kg7 30. Qd5 Qe7 31. Qd4 f5 32. f4 fxe4 33. fxe5 Qe6
34. Qxe4 Qxa2 35. Qb7+ Kf8 36. Qc8+ Kg7 37. Qd7+ Qf7 38. e6 1-0

[Event "FRA Team Ch"]
[Site "REIMS"]
[Date "2002.??.??"]
[Round "11.6"]
[White "Nezar, Mustapha"]
[Black "Guadalpi, David"]
[Result "1/2-1/2"]
[WhiteElo "2352"]
[BlackElo "2314"]
[PlyCount "37"]
[EventDate "2005.05.??"]
[WhiteTeam "Nancy"]
[BlackTeam "Orange"]

1. d4 Nf6 2. c4 e6 3. Nf3 b6 4. a3 Ba6 5. Qc2 Bb7 6. Nc3 c5 7. e4 cxd4 8. Nxd4
Bc5 9. Nb3 Nc6 10. Bg5 h6 11. Bh4 Nd4 12. Nxd4 Bxd4 13. Bd3 Qb8 14. Bg3 Be5 15.
Rc1 O-O 16. O-O Rc8 17. Qe2 Bxg3 18. hxg3 Qe5 19. Rfd1 1/2-1/2

[Event "FRA Team Ch"]
[Site "REIMS"]
[Date "2002.??.??"]
[Round "11.7"]
[White "Rouchouse, Stevens"]
[Black "Philippe, Christophe"]
[Result "0-1"]
[WhiteElo "2185"]
[BlackElo "2332"]
[PlyCount "72"]
[EventDate "2005.05.??"]
[WhiteTeam "Orange"]
[BlackTeam "Nancy"]

1. e4 e6 2. d4 d5 3. Nd2 Nf6 4. e5 Nfd7 5. Bd3 c5 6. c3 Nc6 7. Ne2 cxd4 8. cxd4
f6 9. exf6 Qxf6 10. Nf3 Bd6 11. Nc3 O-O 12. Be3 Nb6 13. Rc1 e5 14. dxe5 Nxe5
15. Nxe5 Qxe5 16. Be2 Be6 17. Bd4 Qg5 18. O-O Rad8 19. Re1 Bf4 20. Rc2 Kh8 21.
Bf1 Bg8 22. g3 Bb8 23. Kh1 Nc4 24. Bg2 Nd6 25. Re5 Nf5 26. Re1 Nxd4 27. Qxd4
Qf6 28. Nb5 Rfe8 29. Rd1 Qg6 30. Qa4 d4 31. Rcd2 d3 32. Bxb7 Qf7 33. Bc6 Re2
34. Rxd3 Qxf2 35. Qh4 Re1+ 36. Rxe1 Qxe1+ 0-1

[Event "FRA Team Ch"]
[Site "REIMS"]
[Date "2002.??.??"]
[Round "11.8"]
[White "Spielmann, Alain"]
[Black "Simonet, Marc"]
[Result "0-1"]
[WhiteElo "2297"]
[BlackElo "2283"]
[PlyCount "72"]
[EventDate "2005.05.??"]
[WhiteTeam "Nancy"]
[BlackTeam "Orange"]

1. Nf3 d5 2. d4 Nf6 3. c4 dxc4 4. e3 Bg4 5. Bxc4 e6 6. Nc3 Nbd7 7. h3 Bh5 8. g4
Bg6 9. Nh4 Nb6 10. Nxg6 hxg6 11. Bf1 c5 12. Qf3 cxd4 13. exd4 Bb4 14. Bb5+ Kf8
15. a3 Qd5 16. Qxd5 Bxc3+ 17. bxc3 Nbxd5 18. g5 Nxc3 19. gxf6 Nxb5 20. Rb1 a6
21. a4 Nc3 22. Rxb7 gxf6 23. Bd2 Nd5 24. Ke2 Kg7 25. h4 Rh5 26. Kf3 g5 27. Be3
Rc8 28. Ra7 Rc6 29. Rb1 Rxh4 30. Rbb7 Kg6 31. Rxf7 Kf5 32. Rg7 Rc3 33. Raf7
Nxe3 34. fxe3 Rh3+ 35. Kf2 Rc2+ 36. Kg1 Rxe3 0-1

[Event "FRA Team Ch"]
[Site "REIMS"]
[Date "2002.??.??"]
[Round "11.9"]
[White "Dacalor, Aurelie"]
[Black "Franc, Nathalie"]
[Result "0-1"]
[WhiteElo "2137"]
[BlackElo "2078"]
[PlyCount "70"]
[EventDate "2005.05.??"]
[WhiteTeam "Orange"]
[BlackTeam "Nancy"]

1. d4 Nf6 2. c4 e6 3. Nc3 Bb4 4. Bg5 c5 5. e3 h6 6. Bh4 cxd4 7. exd4 O-O 8. Bd3
d5 9. cxd5 exd5 10. Nge2 Nc6 11. O-O Be7 12. a3 a6 13. Rc1 Be6 14. Bb1 Nh5 15.
Bxe7 Qxe7 16. Na4 Bg4 17. Qd3 Qe4 18. f3 Qxd3 19. Bxd3 Be6 20. Nc5 Nd8 21. g4
Nf6 22. Nf4 g5 23. Nfxe6 Nxe6 24. Nxe6 fxe6 25. Rc7 Rf7 26. Rxf7 Kxf7 27. Rc1
Ne8 28. Kf2 Kf6 29. Ke3 a5 30. f4 Rd8 31. Rc5 Nd6 32. Rxa5 b6 33. Ra7 Nc4+ 34.
Bxc4 dxc4 35. Rc7 b5 0-1

[Event "FRA Team Ch"]
[Site "REIMS"]
[Date "2002.??.??"]
[Round "11.1"]
[White "Bricard, Emmanuel"]
[Black "Kallai, Gabor"]
[Result "1/2-1/2"]
[WhiteElo "2443"]
[BlackElo "2549"]
[PlyCount "50"]
[EventDate "2005.05.??"]
[WhiteTeam "Toulouse"]
[BlackTeam "Strasbourg"]

1. c4 c6 2. g3 d5 3. Bg2 Nf6 4. Nf3 dxc4 5. O-O Nbd7 6. Qc2 Nb6 7. a4 a5 8. Na3
Qd5 9. Ne1 Qh5 10. d4 Bh3 11. Bxh3 Qxh3 12. Nxc4 Nxc4 13. Qxc4 Qd7 14. Nd3 Qd5
15. Qxd5 Nxd5 16. e4 Nf6 17. f3 e6 18. Bd2 Nd7 19. Bc3 f6 20. b3 Be7 21. f4 c5
22. Rac1 Kf7 23. f5 cxd4 24. fxe6+ Kxe6 25. Bxd4 Rhc8 1/2-1/2

[Event "FRA Team Ch"]
[Site "REIMS"]
[Date "2002.??.??"]
[Round "11.2"]
[White "Varga, Peter"]
[Black "Van Elst, Andreas"]
[Result "1-0"]
[WhiteElo "2489"]
[BlackElo "2294"]
[PlyCount "69"]
[EventDate "2005.05.??"]
[WhiteTeam "Strasbourg"]
[BlackTeam "Toulouse"]

1. d4 d5 2. c4 e6 3. Nc3 c5 4. cxd5 exd5 5. Nf3 Nc6 6. g3 Nf6 7. Bg2 Be6 8. O-O
Be7 9. dxc5 Bxc5 10. Bg5 O-O 11. Ne1 Be7 12. Nd3 h6 13. Bxf6 Bxf6 14. Nf4 Bxc3
15. bxc3 Ne7 16. Qb3 Qd6 17. Rfd1 Rfd8 18. e4 b6 19. Nxe6 Qxe6 20. exd5 Qd6 21.
Bh3 Qc5 22. Rd4 Rd6 23. Rad1 Rad8 24. Bg2 Rc8 25. R1d3 Ng6 26. Re3 Qc7 27. Rde4
Qd7 28. c4 Rc5 29. Re8+ Kh7 30. h4 Rc8 31. Rxc8 Qxc8 32. h5 Nf8 33. Re7 Rd7 34.
Qd3+ Kg8 35. Qf5 1-0

[Event "FRA Team Ch"]
[Site "REIMS"]
[Date "2002.??.??"]
[Round "11.4"]
[White "Roos, Louis"]
[Black "Kramo, Sosthene"]
[Result "0-1"]
[WhiteElo "2342"]
[BlackElo "1950"]
[PlyCount "58"]
[EventDate "2005.05.??"]
[WhiteTeam "Strasbourg"]
[BlackTeam "Toulouse"]

1. e4 e5 2. Nf3 Nc6 3. Bb5 a6 4. Ba4 Nf6 5. O-O Be7 6. Re1 b5 7. Bb3 O-O 8. c3
d5 9. exd5 Nxd5 10. Nxe5 Nxe5 11. Rxe5 Nf6 12. d4 Bd6 13. Re1 Ng4 14. g3 Nxh2
15. Qh5 Ng4 16. Bg5 Qd7 17. f3 Bxg3 18. Re7 Bf2+ 19. Kg2 Qd6 20. Qxf7+ Rxf7 21.
Re8+ Qf8 22. Bxf7+ Kxf7 23. Rxf8+ Kxf8 24. fxg4 Be1 25. Na3 Bb7+ 26. Kh3 Re8
27. Nc2 Bf2 28. Nb4 Re2 29. Rf1 Ke8 0-1

[Event "FRA Team Ch"]
[Site "REIMS"]
[Date "2002.??.??"]
[Round "11.5"]
[White "Mourgues, Joelle"]
[Black "Roos, Daniel"]
[Result "1-0"]
[WhiteElo "1770"]
[BlackElo "2420"]
[PlyCount "107"]
[EventDate "2005.05.??"]
[WhiteTeam "Toulouse"]
[BlackTeam "Strasbourg"]

1. Nf3 d5 2. g3 g6 3. Bg2 Bg7 4. O-O e5 5. d3 Ne7 6. e4 c6 7. Nbd2 O-O 8. Qe1
Nd7 9. Rb1 b6 10. b4 a5 11. a3 axb4 12. axb4 Ra2 13. c4 Bb7 14. Qd1 Qa8 15. Qb3
Qa4 16. Re1 Ra8 17. Bh3 f5 18. Bb2 Qxb3 19. Nxb3 d4 20. Bc1 h6 21. Nh4 Rf8 22.
exf5 g5 23. Ng6 Nxg6 24. fxg6 Rfxf2 25. Bd2 Rfxd2 26. Nxd2 Rxd2 27. Bxd7 Rxd3
28. Be6+ Kf8 29. Ra1 Ke7 30. Bf5 Rf3 31. g4 Kd6 32. Rf1 Rf4 33. Ra7 Kc7 34.
Rxf4 gxf4 35. c5 bxc5 36. bxc5 Bf8 37. Kg2 Kb8 38. Ra1 Bg7 39. Rb1 Kc7 40. Kf3
Ba6 41. Ra1 Bb7 42. Bd3 Kb8 43. h4 Bc8 44. Bc4 Bd7 45. h5 Kc7 46. Rg1 Kd8 47.
g5 Bf5 48. gxh6 Bxh6 49. g7 e4+ 50. Kf2 Bxg7 51. Rxg7 d3 52. Bxd3 exd3 53. h6
d2 54. Ke2 1-0

[Event "FRA Team Ch"]
[Site "REIMS"]
[Date "2002.??.??"]
[Round "11.6"]
[White "Mensch, Etienne"]
[Black "Lassabe, Nicolas"]
[Result "1-0"]
[WhiteElo "2383"]
[BlackElo "1620"]
[PlyCount "35"]
[EventDate "2005.05.??"]
[WhiteTeam "Strasbourg"]
[BlackTeam "Toulouse"]

1. d4 d5 2. c4 c6 3. Nf3 Nf6 4. Nc3 e6 5. e3 Nbd7 6. Bd3 dxc4 7. Bxc4 b5 8. Bd3
Bd6 9. O-O O-O 10. h3 a6 11. e4 e5 12. dxe5 Nxe5 13. Nxe5 Bxe5 14. Be3 Bb7 15.
Qc2 Re8 16. Rad1 Qe7 17. Ne2 Nxe4 18. Bxe4 1-0